Gravitational lenses (Record no. 10410)
[ view plain ]
| 000 -LEADER | |
|---|---|
| fixed length control field | 01014nam a2200253Ia 4500 |
| 003 - CONTROL NUMBER IDENTIFIER | |
| control field | IN-BaIIA |
| 008 - FIXED-LENGTH DATA ELEMENTS--GENERAL INFORMATION | |
| fixed length control field | 211028s9999 xx 000 0 eng d |
| 020 ## - INTERNATIONAL STANDARD BOOK NUMBER | |
| International Standard Book Number | 3-540-51061-3 |
| 040 ## - CATALOGING SOURCE | |
| Transcribing agency | IIA Library |
| 080 ## - UNIVERSAL DECIMAL CLASSIFICATION NUMBER | |
| Universal Decimal Classification number | 524.885(082.2) |
| Item number | GRA |
| 111 ## - MAIN ENTRY--MEETING NAME | |
| Meeting name or jurisdiction name as entry element | Conference in Honour of Bernard F. Burke's 60th birthday |
| Location of meeting | Cambridge |
| Date of meeting or treaty signing | 1988 June 20 |
| 9 (RLIN) | 17702 |
| 245 #0 - TITLE STATEMENT | |
| Title | Gravitational lenses |
| Remainder of title | proceedings of a conference in honour of Bernard F. Burke's 60th birthday held in Massachusetts, Cambridge, June 20, 1988 |
| Statement of responsibility, etc. | edited by J. M. Moran, Hewitt J. N and Lu K. Y. |
| 260 ## - PUBLICATION, DISTRIBUTION, ETC. | |
| Place of publication, distribution, etc. | Berlin |
| Name of publisher, distributor, etc. | Springer-Verlag |
| Date of publication, distribution, etc. | 1989 |
| 300 ## - PHYSICAL DESCRIPTION | |
| Extent | xiv, 238p. |
| 490 ## - SERIES STATEMENT | |
| Series statement | Lecture notes in physics; vol. 330 |
| 650 ## - SUBJECT ADDED ENTRY--TOPICAL TERM | |
| Topical term or geographic name entry element | Astronomy and astrophysics thesaurus |
| 650 ## - SUBJECT ADDED ENTRY--TOPICAL TERM | |
| Topical term or geographic name entry element | Black holes |
| 9 (RLIN) | 7728 |
| 650 ## - SUBJECT ADDED ENTRY--TOPICAL TERM | |
| Topical term or geographic name entry element | Gravitational lenses |
| 9 (RLIN) | 13648 |
| 650 ## - SUBJECT ADDED ENTRY--TOPICAL TERM | |
| Topical term or geographic name entry element | White holes |
| 9 (RLIN) | 10764 |
| 700 ## - ADDED ENTRY--PERSONAL NAME | |
| Personal name | Hewitt, J. N., ed. |
| 9 (RLIN) | 17703 |
| 700 ## - ADDED ENTRY--PERSONAL NAME | |
| Personal name | Lu, K. Y., ed. |
| 9 (RLIN) | 17704 |
| 700 ## - ADDED ENTRY--PERSONAL NAME | |
| Personal name | Moran, J. M., ed. |
| 9 (RLIN) | 15795 |
| 942 ## - ADDED ENTRY ELEMENTS (KOHA) | |
| Koha item type | Books |
| Withdrawn status | Lost status | Damaged status | Not for loan | Home library | Current library | Shelving location | Date acquired | Cost, normal purchase price | Total Checkouts | Full call number | Barcode | Date last seen | Cost, replacement price | Price effective from | Koha item type | Purchase Price |
|---|---|---|---|---|---|---|---|---|---|---|---|---|---|---|---|---|
| IIA Library-Bangalore | IIA Library-Bangalore | General Stacks | 11/08/1992 | 1105.50 | 524.885(082.2)/ GRA | 11320 | 05/11/2021 | 1105.50 | 11/08/1992 | Books | Rs. 1105.50 |